Statistics for Belgium Football Team World Cup Starting XI

Click here to take the quiz!

General Stats

  • This quiz has been taken 1,489 times
    (1,016 since last reset)
  • The average score is 18 of 86

Answer Stats

Player% Correct
Thibaut Courtois
99%
Romelu Lukaku
98%
Kevin De Bruyne
97%
Eden Hazard
95%
Jan Vertonghen
89%
Toby Alderweireld
84%
Axel Witsel
79%
Vincent Kompany
71%
Thomas Meunier
69%
Marouane Fellaini
64%
Wilfried Van Moer
64%
Dries Mertens
63%
Michy Batshuayi
58%
Yannick Carrasco
58%
Timothy Castagne
46%
Nacer Chadli
45%
Daniel Van Buyten
44%
Divock Origi
44%
Marc Wilmots
36%
Michel Preud'homme
35%
Leander Dendoncker
31%
Jean-Marie Pfaff
29%
Enzo Scifo
24%
Jan Ceulemans
20%
Mbo Mpenza
18%
Eric Gerets
14%
Franky Van der Elst
14%
Timmy Simons
14%
Philippe Albert
13%
Bart Goor
12%
Gert Verheyen
12%
Luc Nilis
11%
Paul Van Himst
11%
Georges Grün
10%
Éric Deflandre
9%
Filip De Wilde
9%
Geert De Vlieger
9%
Marc Degryse
9%
Franky Vercauteren
8%
Jacky Peeters
8%
Lorenzo Staelens
8%
Erwin Vandenbergh
6%
Johan Walem
6%
Luis Oliveira
6%
Nico Van Kerckhoven
6%
Lei Clijsters
5%
Michel De Wolf
5%
Philippe Clement
5%
Stéphane Demol
5%
Yves Vanderhaeghe
5%
Josip Weber
4%
Nico Claesen
4%
Alexandre Czerniatynski
3%
Bruno Versavel
3%
Christian Piot
3%
Daniel Veyt
3%
Henri Coppens
3%
Joseph Mermans
3%
Ludo Coeck
3%
Marc Emmers
3%
Michel Renquin
3%
Raoul Lambert
3%
Rudi Smidts
3%
Vital Borkelmans
3%
Walter Meeuws
3%
Georges Heylens
2%
Gordan Vidović
2%
Luc Millecamps
2%
Patrick Vervoort
2%
Victor Mees
2%
Alfons Van Brandt
1%
Constant Huysmans
1%
Denis Houf
1%
Guy Vandersmissen
1%
Jean Dockx
1%
Jean Thissen
1%
Léon Jeck
1%
Léon Semmeling
1%
Léopold Anoul
1%
Léopold Gernaey
1%
Louis Carré
1%
Marc Baecke
1%
Marcel Dries
1%
Nicolas Dewalque
1%
Pieter Van Den Bosch
1%
Wilfried Puis
1%

Score Distribution

Percentile by Number Answered

Percent of People with Each Score

Your Score History

You have not taken this quiz since the last reset